LEADER 01190nam a2200265 u 4500 001 000000090920 003 CaOOAMICUS 005 20070226124756.0 008 051017s2002 it u000 u ita u 020 $a88-8066-215-5 035 $a11073845 040 $aPUL$bita 245 00$aInfanzia e "luoghi" educativi :$bquestioni e prospettive /$ca cura di Rossana Cuccurullo [et al...]. 260 $aRoma :$bEditrice Universitaria di Roma,$c2002. 300 $a194 p. ;$c21 cm 500 $aContiene contributi di Anna Gloria Devoti, Marcella Falchi, Sira Serenella Macchietti. 504 $aBibliografia : p.: 187-194. 650 4$aPsicologia infantile.$0(OLS)http://pul/subject/1792 700 1 $aCuccurullo, Rossana.$0(OLS)http://pul/name/58756 850 $aPUL 852 $aPUL$W1$xSL Filosofia 3$y81$m155. 4 CUCRO 1$j114642$nBK-PRI$b $qDDC 21$B114642$CPULBib$Z2$F114642 $HPUL99836 $81 941 1 $a9 996 $6020$a88-8066-215-5$9(OLS)http://pul/number/119135 996 $6245$aInfanzia e "luoghi" educativi :$bquestioni e prospettive$9(OLS)http://pul/title/117396 996 $6260$aRoma :$bEditrice Universitaria di Roma$9(OLS)http://pul/publisher/78637 LEADER 01405nam a2200301 a 4500 001 000000168446 003 CaOOAMICUS 005 20180621104043.0 008 180621s2018 vc u000 u ita r 020 $a978-88-465-1210-9* 032 $aLibriCat 040 $aPUL$bita 082 04$a241 100 1 $aLuparia, Marco Ermes,$d1950-$0(OLS)http://pul/name/78222 245 10$aScienza, sapienza e presunzione :$briflessioni morali sulla ricerca scientifica e la realizzazione di nuove tecnologie /$cMarco Ermes Luparia. 260 $aCittą del Vaticano :$bLateran University Press,$c©2018. 300 $a201 p. ;$c24 cm. 504 $aInclude riferimenti bibliografici ed indice. 650 4$aReligione e scienza.$0(OLS)http://pul/subject/147 650 4$aMorale cristiana.$0(OLS)http://pul/subject/33527 850 $aPUL 852 $aPUL$W1$xSL Religione 3$y85$m241 LUPMA 1$j191900$qDDC 21$B196351$CPULBib$Z2$F196351 $H131030 $81 941 1 $a9 996 $6020$a978-88-465-1210-9*$9(OLS)http://pul/number/164421 996 $6082$a241$9(OLS)http://pul/classification/246 996 $6245$aScienza, sapienza e presunzione :$briflessioni morali sulla ricerca scientifica e la realizzazione di nuove tecnologie$9(OLS)http://pul/title/208824 996 $6260$aCittą del Vaticano :$bLateran University Press$9(OLS)http://pul/publisher/74585